Normal view MARC view
  • Peterson L L & Davie B S

Entry Personal Name

Number of records used in: 16

001 - CONTROL NUMBER

  • control field: 108585

003 - CONTROL NUMBER IDENTIFIER

  • control field: OSt

005 - DATE AND TIME OF LATEST TRANSACTION

  • control field: 20230125043332.0

008 - FIXED-LENGTH DATA ELEMENTS

  • fixed length control field: 230125|| aca||aabn | a|a d

040 ## - CATALOGING SOURCE

  • Original cataloging agency: OSt
  • Transcribing agency: OSt

100 ## - HEADING--PERSONAL NAME

  • Personal name: Peterson L L & Davie B S

670 ## - SOURCE DATA FOUND

  • Source citation: Work cat.: (OSt)85385: Peterson L L 108584, Computer networks-a systems approach, 2000